Theaters
| Main Author: | |
|---|---|
| Format: | Book |
| Published: |
New York :
Princeton Architectural Press ,
1999
|
| Series: | Thematic architecture
|
| Subjects: |
MARC
| LEADER | 00000cam a2200000 7i4500 | ||
|---|---|---|---|
| 001 | 0000004819 | ||
| 002 | 000005195 | ||
| 005 | 20000330.0 | ||
| 020 | |a 0910413959 | ||
| 090 | 0 | 0 | |a 725.822 |b BRE |
| 100 | 1 | |a Breton, Gaelle | |
| 245 | 1 | 0 | |a Theaters |c Gaelle Breton |
| 260 | |a New York : |b Princeton Architectural Press , |c 1999 | ||
| 300 | |a 119p. : |b ill. ; |c 28cm. | ||
| 490 | 0 | |a Thematic architecture | |
| 650 | 0 | 0 | |a Theater architecture |
| 999 | |a 033474 |b BUKU |c PINJAMAN |e PERPUSTAKAAN KOMUNITI PETALING JAYA | ||